| 000 | 00482cam a22001337a 4500 | ||
|---|---|---|---|
| 008 | 180718b1998 xxu||||| |||| 00| 0 eng d | ||
| 082 | _aA81x54 91/3/PT2A&2B | ||
| 100 | _aCensus of India 1991 | ||
| 245 | _aArunachal Pradesh: general population tables and primary census abstract | ||
| 260 |
_aDelhi _bController of Publications _c1998 |
||
| 300 | _a415+p. | ||
| 440 | _aCensus of India 1991. Series-3, Arunachal Pradesh. Part II A & Part II B | ||
| 650 | _aArunachal Pradesh - Census | ||
| 999 |
_c486412 _d486412 |
||